| 000 | 01019nam a2200301 i 4500 | ||
|---|---|---|---|
| 001 | bg | ||
| 003 | BPK | ||
| 005 | 20190719115219.0 | ||
| 008 | 981023s1987 pl a f f |000 0 pol | ||
| 015 | _aPB 1987/9431 | ||
| 020 | _a8321525253 | ||
| 040 |
_aWA N _cBPK |
||
| 080 | _a627.2/.3 | ||
| 080 | _a624.13 | ||
| 080 | _a(075.8) | ||
| 100 | 1 |
_aDembicki, Eugeniusz _d(1929- ). |
|
| 245 | 1 | 0 |
_aZagadnienia geotechniczne budowli morskich / _cEugeniusz Dembicki. |
| 260 |
_aGdańsk : _bWydaw. Morskie, _c1987. |
||
| 300 |
_a278, [10] s. : _brys., wykr. ; _c24 cm. |
||
| 490 | 1 |
_aBiblioteka Inżynierii Morskiej, _x0860-6250 ; _v6. |
|
| 504 | _aBibliogr. przy rozdz. | ||
| 650 | 4 | _aBudownictwo morskie | |
| 650 | 4 |
_aGeologia inżynierska _xstosowanie _xhydrotechnika. |
|
| 655 | 4 | _aPodręczniki akademickie | |
| 830 | 0 |
_aBiblioteka Inżynierii Morskiej, _v6. |
|
| 942 |
_2UKD _cKS |
||
| 856 |
_uhttp://koha.tu.koszalin.pl/cgi-bin/koha/opac-detail.pl?biblionumber=23717 _yKatalog online BPK |
||
| 999 |
_c23717 _d23717 |
||